The resurrection and the life. (Record no. 7581)

000 -LEADER
fixed length control field 00570nam a2200181 a 4500
001 - CONTROL NUMBER
control field :::00005342$&:&@@
003 - CONTROL NUMBER IDENTIFIER
control field OkBaRHE
005 - DATE AND TIME OF LATEST TRANSACTION
control field 20000607103325.0
008 - FIXED-LENGTH DATA ELEMENTS--GENERAL INFORMATION
fixed length control field s1948 j 000 0 eng u
040 ## - CATALOGING SOURCE
Transcribing agency
100 1# - MAIN ENTRY--PERSONAL NAME
Personal name Weatherhead, Leslie Dixon, 1893-
245 14 - TITLE STATEMENT
Title The resurrection and the life.
260 ## - PUBLICATION, DISTRIBUTION, ETC. (IMPRINT)
Place of publication, distribution, etc New York, NY., :
Name of publisher, distributor, etc Abingdon-Cokesbury Press
Date of publication, distribution, etc c1948
300 ## - PHYSICAL DESCRIPTION
Extent 60 p. ;
Dimensions 20 cm.
650 ## - SUBJECT ADDED ENTRY--TOPICAL TERM
Topical term or geographic name as entry element Jesus Christ
General subdivision Resurrection
942 ## - ADDED ENTRY ELEMENTS (KOHA)
Source of classification or shelving scheme
Koha item type Books
Copies
Shelving location Copy number Full call number Not for loan Lost status Price effective from Withdrawn status Date acquired Source of classification or shelving scheme Permanent Location Damaged status Barcode Date last seen Koha item type
General Stacks1BT 480 .W3932  2010-04-14 2010-04-14 RHEMA Bible Training College 53422010-04-14Books